II Trobada d'Estudiosos del Montseny : comunicacions presentades els dies 25 i 26 de novembre de 1988 a Arbúcies (La Selva) comunicacions presentades els dies 25 i 26 de novembre de 1988 a Arbúcies (La Selva)
Descripción Física:
149 p. ; 30 cm
Colección:
Monografies ; 18
Materias:
Montseny -- Congressos
MARC
| LEADER | 00000nam a2200000Ia 4500 | ||
|---|---|---|---|
| 001 | 8969 | ||
| 008 | 160829s1989 xx 000 0 cat d | ||
| 080 | |a C-1-28 | ||
| 111 | 2 | |a Trobada d'Estudiosos del Montseny |n (2a : |d 1988 : |c Arbúcies, Catalunya) |9 55743 | |
| 245 | |a II Trobada d'Estudiosos del Montseny : |b comunicacions presentades els dies 25 i 26 de novembre de 1988 a Arbúcies (La Selva) | ||
| 260 | |a Barcelona : |b Diputació de Barcelona. Servei de Parcs Naturals, |c 1989 | ||
| 300 | |a 149 p. ; |c 30 cm | ||
| 490 | |a Monografies ; 18 | ||
| 650 | |a Montseny |x Congressos |9 24780 | ||
| 710 | |a Barcelona (Catalunya : Província). |b Servei de Parcs Naturals |9 53492 | ||
| 901 | |a Arxiu | ||
| 942 | |n 1 | ||
| 952 | |0 0 |1 0 |4 0 |6 C128 |7 1 |9 43654 |a Arxiu |b Arxiu |d 2016-12-01 |l 0 |o C-1-28 |p 8969 |r 2016-12-01 00:00:00 |w 2016-12-01 |y ARXIU | ||
| 999 | |c 46202 |d 46202 | ||